all omi papa om opa cousins - Statistics

General Stats
  • This quiz has been taken 6 times
  • The average score is 7 of 13
Answer Stats
Answer % Correct
omi
100%
dukesz
50%
florida sheft
50%
hamtin
50%
herzig
50%
isabell
50%
lila
50%
papa
50%
sheft
50%
turk
50%
yesa
50%
youngest turk
50%
florida turks
0%
No matching quizzes found
Score Distribution
Percent of People with Each Score
Percentile by Number Answered
Your Score History
You have not taken this quiz